000 00707nam a2200193 a 4500
005 20230601063716.0
008 991125s1993 mx 000 0 spa u
020 _a9700305740
035 _aUPN01000017236
049 _aLT
050 4 _aLB1584 M6.1
_bE39
245 0 0 _aEducación cívica 1o. /
_cdi. José P. Berrum de Labra.
260 _aMéxico :
_bFernández,
_c1993
300 _a112 p. :
_bil.
500 _a"De acuerdo con los contenidos básicos del programa para la modernización educativa de educación cívica elaborado por la SEP para educación primaria"
650 4 _aCivismo
_xEstudio y enseñanza (Elemental)
_92807
700 1 _aBerrum de Labra, José P.,
_edir.
_934857
905 _aLibro
999 _c17236
_d17236